000 01143 a2200361 4500
001 59785
005 20260407155851.0
008 260407a2001 arg spa d
003 AR-UNSa-BCEJYS
040 _aAR-UNSa-BCEJYS
_bspa
_cAR-UNSa-BCEJYS
080 _a347
_xDerecho Civil
245 1 0 _aEstudios sobre el proyecto de código unificado de 1998
020 _a950-572-586-8
264 1 _aBuenos Aires :
_bVíctor P. de Zavalía
_c2001
300 _a410 p.
_c23 cm.
505 _a1. Parte general y obligaciones - 2. Derecho reales - 3. Responsabilidad civil - 4. Sucesiones
041 _aspa
942 _cBK
590 _aniveau_biblio:m niveau_hierar:0
100 1 _aBrebbia, Roberto H.
700 1 _aAndorno, Luis O.
700 1 _aCasiello, Juan J.
700 1 _aFerrer, Francisco A.M.
700 1 _aLópez de Zavalía, Fernando
700 1 _aMoisset de Espanés, Luis
700 1 _aNatale, Roberto M.
700 1 _aPiñón, Benjamín P.
700 1 _aRacciatti, Hernán J.
700 1 _aStein, Enrique
700 1 _aTejerina, Wenceslao
700 1 _aTrigo Represas, Félix A
700 1 _aVigo, Rodolfo Luis
999 _c6822
_d6822